000 00651cam a2200241 a 4500
001 32244
003 BD-RjUL
005 20211209051816.0
008 140412r19581930enk 001 0 eng d
035 _a(BD-RjUL)32333
040 _aMOD
_cMOD
_dBD-RjUL
_beng
041 _aeng
082 0 0 _a182
_bBUE 1958
100 1 _aBurnet, John
_d1863-1928.
_993919
245 1 0 _aEarly Greek philosophy /
_cby John Burnet.
250 _a5th ed.
260 _aLondon :
_bBlack,
_c1930 [Reprinted 1958].
300 _avii, 375 p. ;
_c22 cm.
504 _aIncludes index.
650 0 _aPhilosophy, Ancient.
_993920
942 _2ddc
_cBK
999 _c32244
_d32244